• 首页
  • 本馆介绍
  • 公告通知
  • 最新文献
  • 馆藏检索
  • 电子资源
  • 读者导购
  • 参考咨询
  • 我的图书馆
  • 登录
  • 详细信息显示
  • 放入我的书架
  • 预约/预借图书
  • 作者相关作品
  • 分类相关作品
  • 丛书相关作品
  • 出版社相关作品

书目信息

  • 表格格式
  • 工作单格式
  • 卡片格式
题名:
普通物理学解题指导
    
 
作者: ;华东师大物理系 编
分册:  
出版信息: 上海   上海科学技术文献出版社  1984.11
页数: 460页
开本: 20cm
丛书名:
单 册:
中图分类: O4
科图分类:
主题词: 物理学
电子资源:
ISBN:
000 00541nam0 2200193 45
001 0312221749
005 20060509144112.00
010    @dCNY2.20
091    @a13192.65
100    @a20031222d1984 km y0chiy0120 ea
101    @achi
200 1  @a普通物理学解题指导@APu Tong Wu Li Xue Jie Ti Zhi Dao@f华东师大物理系编@FHua Dong Shi Da Wu Li Xi Bian
210    @a上海@c上海科学技术文献出版社@d1984.11
215    @a460页@d20cm
606 0  @a物理学
690    @aO4@v3
711 02 @a华东师大物理系@4编
801    @aCN@bTSTCL@c20060509
905    @dO4@e108
    
    普通物理学解题指导/华东师大物理系编.-上海:上海科学技术文献出版社,1984.11
    460页;20cm
    
    
    ISBN :CNY2.20
    
●
相关链接 在E读中查询图书 在五车中查询图书 在当当中查询图书 在豆瓣中查询图书


正题名:普通物理学解题指导     索取号:O4/108         预约/预借

序号 登录号 条形码 馆藏地/架位号 状态 备注
1 0127422   000391953   第三借阅区/ [索取号:O4/108] 在馆    
2 0127423   000391980   密集书库/ [索取号:O4/108] 在馆    
3 0127425   000392006   第三借阅区/ [索取号:O4/108] 在馆    
4 0127426   000391944   密集书库/ [索取号:O4/108] 在馆    
5 0127427   000391999   密集书库/ [索取号:O4/108] 在馆    
6 0127428   202098915   第二样本阅览室/ [索取号:O4/108] 在馆    
7 0163042   000391962   密集书库/ [索取号:O4/108] 在馆    
8 0163043   000391971   密集书库/ [索取号:O4/108] 在馆    
9 0163044   001956878   密集书库/ [索取号:O4/108] 在馆    
10 0163045   000391855   密集书库/ [索取号:O4/108] 在馆    
11 0163046   202317037   密集书库/ [索取号:O4/108] 在馆    
唐山师范学院图书馆 欢迎您!
大连网信软件有限公司© 版权所有